LEADER 00963nam a2200205 4500 001 000000354277 003 CaOOAMICUS 005 20230615143906.0 008 230615s1952 it a 000 u ita r 040 $aSeMil$bita 100 1 $aBeltrame Quattrocchi, Maria .$0(OLS)http://semarc/name/4745 245 10$aNel primo anniversario della morte dell'Avv. Luigi Beltrame Quattrocchi :$bRoma, 9 novembre 1952. 264 1$a[S.l. :$bs.n.],$c1952. 300 $a48 p., $b5 p. di tav. ;$c18 cm 600 14$aBeltrame Quattrocchi, Luigi .$0(OLS)http://semarc/subject/15644 850 $aSeMil 852 $aSeMil$W1$xVenegono$y1$m5A IV 7/5$j241519$B245534$CSeMilBibl$Z2$F245534 $81 996 $6245$aNel primo anniversario della morte dell'Avv. Luigi Beltrame Quattrocchi :$bRoma, 9 novembre 1952$9(OLS)http://semarc/title/444410 996 $6264$a[S.l. :$bs.n.]$9(OLS)http://semarc/publisher/29751 LEADER 01804nam a2200493 i 4500 001 000000027944 003 CaOOAMICUS 005 20180830125448.0 008 180830s1881 it u000 u ita u 040 $aSeMil$bita 245 10$aLeonis 13. pontificis maximi Acta. 260 $aRoma :$bEx Typ. Vaticana,$c1881-1905. 300 $a23 v. ;$c29 cm. 650 4$aLeone XIII - Scritti e discorsi.$0(OLS)http://semarc/subject/4488 650 4$aLeone XIII - Opere.$0(OLS)http://semarc/subject/4489 700 0 $aLeo XIII,$c.$0(OLS)http://semarc/name/553 774 0 $t1.$g1$w()53192 774 0 $t5.$g5$w()218219 774 0 $t2.$g2$w()218220 774 0 $t3.$g3$w()218221 774 0 $t4.$g4$w()218222 774 0 $t11.$g11$w()218223 774 0 $t6.$g6$w()218224 774 0 $t9.$g9$w()218225 774 0 $t8.$g8$w()218226 774 0 $t7.$g7$w()218227 774 0 $t10.$g10$w()218228 774 0 $t12.$g12$w()218229 774 0 $t13.$g13$w()218230 774 0 $t14.$g14$w()218231 774 0 $t15.$g15$w()218232 774 0 $t16.$g16$w()218233 774 0 $t18.$g18$w()218234 774 0 $t17.$g17$w()218235 774 0 $t19.$g19$w()218236 774 0 $t21.$g21$w()218237 774 0 $t20.$g20$w()218238 774 0 $t22.$g22$w()218239 774 0 $t23.$g23$w()218240 774 0 $tConventiones De rebus ecclesiasticis inter S. Sedem et civilem potestatem initae sub pontificatu SSMI D. N. Leonis PP. 13., usque ad diem 7 nov. 1893.$dRomae : Ex Typographia Vaticana, 1893.$w()218258 900 0 $aLeone XIII$c. 996 $6245$aLeonis 13. pontificis maximi Acta$9(OLS)http://semarc/title/37884 996 $6260$aRoma :$bEx Typ. Vaticana$9(OLS)http://semarc/publisher/37536